Zistite, ktorých 50 percent je správnych

Snaha zistiť, ktoré finančné prostriedky investované do marketingovej komunikácie boli naozaj efektívne a zmysluplné a ktoré naopak nepriniesli požadovaný výsledok. Jednoduchý vzorec, ktorý pomôže firmám pri vyhodnocovaní marketingových a predajných nákladov. Ako ho využiť v praxi.

Na minha lista:
Detalhes bibliográficos
Autor principal: Lesay, Juraj
Formato: Capítulo de Livro
Idioma:eslovaco
Assuntos:
Tags: Adicionar Tag
Sem tags, seja o primeiro a adicionar uma tag!

MARC

LEADER 00000naa$a2200000$$$4500
001 0046139
005 20231107130517.6
041 0 |a slo 
044 |a SK 
245 1 0 |a Zistite, ktorých 50 percent je správnych  |c Juraj Lesay 
520 |a Snaha zistiť, ktoré finančné prostriedky investované do marketingovej komunikácie boli naozaj efektívne a zmysluplné a ktoré naopak nepriniesli požadovaný výsledok. Jednoduchý vzorec, ktorý pomôže firmám pri vyhodnocovaní marketingových a predajných nákladov. Ako ho využiť v praxi. 
610 2 0 |a marketing 
610 2 0 |a komunikácia marketingová 
610 2 0 |a náklady 
610 2 0 |a obchod 
610 2 0 |a výnosy z činnosti obchodnej 
100 1 |a Lesay, Juraj